000 00277nam a22001217a 4500
008 230620b xxu||||| |||| 00| 0 eng d
082 _a324.64
_bECK
100 _cECK
245 _a1997 General Election Report
260 _aKenya
_bECK
_c1997
300 _a155p
942 _2ddc
_cBK
999 _c1772
_d1772